01198aam a2200289 i 4500001001000000003001000010005001700020007000300037008004100040020002200081040001400103041000800117082002100125100004300146245012500189264006700314264001100381300001700392336002700409337003300436338002800469505033400497563001400831650001800845653001300863700003200876768714001CO-MdFUSB20250515102143.0ta250514t2002 ||||| |||| 00| 0 eng d a978-0-9668312-4-5 cCO-MdFUSB aeng04223a248 bW2141n1 aWallis, Captain Reginald, 1991-eautor10aThe new life : btalk with christians on practical victoryc/ Captain Reginald Wallis ; editado por Dr. John B. Woodward 1bGrace Fellowship International, aPigeon Force, TN : c[2002] 4c©2002 a91 páginas atextobtxt2rdacontent 2rdamediaasin mediaciónbn 2rdacarrieravolumenbnc a¿Es realmente posible la victoria constante de cada creyente? -- ¿Quién es el traidor adentro? - ¿Cuál es el significado profundo de la cruz? -- ¿Cómo se hace real la cruz de Cristo en la vida cotidiana del creyente?-- ¿Qué significa Cristo vive en mí? --¿Es la "perfección pura"? --- ¿Cómo reinar en vida? aRústico17aCristología aSantidad aWoodward, John, etraductor